[Event "Elista-ch"]
[Site "Elista"]
[Date "2011.07.07"]
[Round "10"]
[White "Dryzheva, Dariana"]
[Black "Egorov, Anatoly"]
[Result "0-1"]
[WhiteElo "1591"]
[BlackElo "1905"]
[PlyCount "72"]
[EventDate "2011.06.28"]
[EventType "tourn"]
[EventRounds "11"]
[EventCountry "RUS"]
[SourceTitle "EXT 2022"]
[Source "ChessBase"]
[SourceDate "2021.10.06"]
[SourceVersion "1"]
[SourceVersionDate "2021.10.06"]
[SourceQuality "1"]

1. e4 c5 2. Nf3 Nc6 3. d4 cxd4 4. Nxd4 e5 5. Nb5 d6 6. N1c3 a6 7. Na3 b5 8. Nd5 Nce7 9. c4 Nxd5 10. cxd5 f5 11. Bd3 f4 12. g3 fxg3 13. hxg3 Nf6 14. Bg5 Be7 15. Bxf6 Qa5+ 16. Qd2 Qxd2+ 17. Kxd2 Bxf6 18. f3 Bd7 19. Nc2 Rc8 20. Ke2 g5 21. g4 Bg7 22. Ne3 0-0 23. a4 bxa4 24. Bxa6 Rb8 25. Rhb1 Bf6 26. Bd3 Rfc8 27. Ra2 Bd8 28. Nc4 Bb5 29. Nd2 Be8 30. Kd1 Bb6 31. Nc4 Bc5 32. Bc2 Rb4 33. Nd2 Rd4 34. Kc1 Bb4 35. Nf1 Bb5 36. Ng3 Bd2+ 0-1

[Event "Elista-ch"]
[Site "Elista"]
[Date "2011.07.06"]
[Round "9"]
[White "Egorov, Anatoly"]
[Black "Chub, Alexey"]
[Result "0-1"]
[WhiteElo "1905"]
[BlackElo "2118"]
[PlyCount "88"]
[EventDate "2011.06.28"]
[EventType "tourn"]
[EventRounds "11"]
[EventCountry "RUS"]
[SourceTitle "EXT 2022"]
[Source "ChessBase"]
[SourceDate "2021.10.06"]
[SourceVersion "1"]
[SourceVersionDate "2021.10.06"]
[SourceQuality "1"]

1. d4 Nf6 2. c4 g6 3. Nc3 Bg7 4. e4 0-0 5. Bd3 d6 6. Nge2 e5 7. d5 Nbd7 8. Ng3 Nc5 9. Rb1 a5 10. Be3 Ng4 11. Bxc5 dxc5 12. f3 Ne3 13. Qe2 Qg5 14. Nd1 Nxd1 15. Rxd1 h5 16. Qd2 Qf6 17. Qe3 b6 18. Ne2 Kh7 19. Nc3 Bh6 20. Qf2 Bd7 21. Nb5 Bxb5 22. cxb5 Kg7 23. a4 Qd6 24. Bc4 f5 25. exf5 Rxf5 26. Qe2 Raf8 27. Bd3 e4 28. Bxe4 Re8 29. Qd3 Bf4 30. Kf2 Rg5 31. g3 Bxg3+ 32. hxg3 Qxg3+ 33. Ke2 Rxe4+ 34. Qxe4 Re5 35. Rhe1 Rxe4+ 36. fxe4 Kf6 37. Kd2 Qf4+ 38. Kc3 Ke5 39. Rf1 Qe3+ 40. Rd3 Qxe4 41. Rf8 Qb4+ 42. Kc2 Qxa4+ 43. Kb1 Qxb5 44. Rd1 c4 0-1

[Event "Elista-ch"]
[Site "Elista"]
[Date "2011.07.05"]
[Round "8"]
[White "Pataev, Adyan"]
[Black "Egorov, Anatoly"]
[Result "1-0"]
[WhiteElo "1628"]
[BlackElo "1905"]
[PlyCount "41"]
[EventDate "2011.06.28"]
[EventType "tourn"]
[EventRounds "11"]
[EventCountry "RUS"]
[SourceTitle "EXT 2022"]
[Source "ChessBase"]
[SourceDate "2021.10.06"]
[SourceVersion "1"]
[SourceVersionDate "2021.10.06"]
[SourceQuality "1"]

1. e4 c5 2. b3 Nc6 3. Bb2 e5 4. Bb5 d6 5. Ne2 f5 6. exf5 Bxf5 7. Ng3 Be6 8. 0-0 Nf6 9. f4 exf4 10. Rxf4 Be7 11. Qe2 Qd7 12. Nc3 0-0 13. Re1 Bf7 14. Bxc6 bxc6 15. Qxe7 Rae8 16. Qxd7 Nxd7 17. Rxe8 Rxe8 18. Nce4 d5 19. Rxf7 Kxf7 20. Nd6+ Ke7 21. Nxe8 1-0

[Event "Ketchenery"]
[Site "Ketchenery"]
[Date "2010.09.17"]
[Round "5"]
[White "Egorov, Anatoly"]
[Black "Begjanyan, Hrayr"]
[Result "1/2-1/2"]
[WhiteElo "1908"]
[BlackElo "2116"]
[PlyCount "84"]
[EventDate "2010.09.17"]
[EventType "swiss"]
[EventRounds "7"]
[EventCountry "RUS"]
[SourceTitle "EXT 2022"]
[Source "ChessBase"]
[SourceDate "2021.10.06"]
[SourceVersion "1"]
[SourceVersionDate "2021.10.06"]
[SourceQuality "1"]

1. e4 d5 2. exd5 Nf6 3. d4 Nxd5 4. c4 Nb6 5. Nc3 Nc6 6. Be3 g6 7. h3 Bg7 8. Nf3 0-0 9. Be2 e5 10. dxe5 Nxe5 11. Nxe5 Bxe5 12. Qxd8 Rxd8 13. f4 Bxc3+ 14. bxc3 Re8 15. Kf2 Be6 16. Rab1 Bxc4 17. Rxb6 Rxe3 18. Bxc4 Rxc3 19. Rb4 a5 20. Ra4 Rd8 21. Re1 c6 22. Bb3 Rd2+ 23. Re2 Rxe2+ 24. Kxe2 b6 25. Rc4 Rxc4 26. Bxc4 b5 27. Bd3 Kf8 28. Ke3 Ke7 29. h4 h6 30. g4 a4 31. Kd4 Kd6 32. g5 c5+ 33. Ke3 hxg5 34. Bxb5 gxh4 35. Bxa4 f6 36. Bd1 g5 37. fxg5 fxg5 38. Kf3 c4 39. Kg4 Kc5 40. a4 Kb4 41. Kh3 Kc5 42. Kg2 g4 1/2-1/2

[Event "Ketchenery"]
[Site "Ketchenery"]
[Date "2010.09.17"]
[Round "2"]
[White "Sarmutkin, Sergey"]
[Black "Egorov, Anatoly"]
[Result "1-0"]
[WhiteElo "2039"]
[BlackElo "1908"]
[PlyCount "71"]
[EventDate "2010.09.17"]
[EventType "swiss"]
[EventRounds "7"]
[EventCountry "RUS"]
[SourceTitle "EXT 2022"]
[Source "ChessBase"]
[SourceDate "2021.10.06"]
[SourceVersion "1"]
[SourceVersionDate "2021.10.06"]
[SourceQuality "1"]

1. d4 Nf6 2. c4 e6 3. Nc3 Bb4 4. e3 c5 5. Nge2 d6 6. a3 Bxc3+ 7. Nxc3 Bd7 8. g3 Bc6 9. d5 exd5 10. cxd5 Bd7 11. Bg2 0-0 12. 0-0 Bf5 13. e4 Bg6 14. h3 Re8 15. Re1 b5 16. e5 dxe5 17. d6 Nbd7 18. Nxb5 Rb8 19. Nxa7 Ra8 20. Nc6 Qb6 21. Ne7+ Kh8 22. Nxg6+ hxg6 23. Bxa8 Rxa8 24. b4 Ra6 25. Be3 Qxd6 26. Qxd6 Rxd6 27. Bxc5 Rc6 28. Rac1 e4 29. Be3 Ra6 30. Rc8+ Kh7 31. b5 Rxa3 32. Rb1 Ne5 33. b6 Nd5 34. b7 Nf3+ 35. Kh1 Nxe3 36. b8Q 1-0

[Event "Troitskoje op"]
[Site "Troitskoje"]
[Date "2010.09.??"]
[Round "4"]
[White "Egorov, Anatoly"]
[Black "Nasunov, Valery"]
[Result "0-1"]
[WhiteElo "1908"]
[BlackElo "1867"]
[PlyCount "132"]
[EventDate "2010.09.09"]
[EventType "swiss"]
[EventRounds "7"]
[EventCountry "RUS"]
[SourceTitle "EXT 2023"]
[Source "ChessBase"]
[SourceDate "2022.10.05"]
[SourceVersion "1"]
[SourceVersionDate "2022.10.05"]
[SourceQuality "1"]

1. d4 d5 2. c4 e6 3. Nc3 c5 4. cxd5 exd5 5. Nf3 Nf6 6. Bg5 Be7 7. e3 Nc6 8. Be2 0-0 9. 0-0 Be6 10. Rc1 Rc8 11. dxc5 Qa5 12. a3 Qxc5 13. Ne4 dxe4 14. Rxc5 exf3 15. Rc1 fxe2 16. Qxe2 h6 17. Bh4 Rcd8 18. Rfd1 Rxd1+ 19. Rxd1 a6 20. h3 Ne4 21. Bxe7 Nxe7 22. Rd4 Nf6 23. e4 Ng6 24. Qd2 Ne5 25. f4 Nc6 26. f5 Nxd4 27. Qxd4 Bc8 28. e5 Nh7 29. h4 Bxf5 30. Qb6 Bc8 31. Qc5 Re8 32. b4 Bd7 33. Qd6 Bc6 34. g4 Nf8 35. h5 Nd7 36. Kh2 Rxe5 37. Kg3 Re3+ 38. Kh4 Bg2 39. g5 hxg5+ 40. Kxg5 Nf6 41. Qd8+ Re8 42. Qc7 Kh7 43. h6 Bd5 44. Qc2+ Ne4+ 45. Kh5 g6+ 46. Kh4 Kxh6 47. Kg4 Nf6+ 48. Kg3 Re3+ 49. Kf2 Rh3 50. Qc8 Rf3+ 51. Ke2 Kg7 52. a4 Rb3 53. Qc5 Bc6 54. a5 Rb2+ 55. Kd1 Ba4+ 56. Ke1 Bb5 57. Kd1 Rd2+ 58. Ke1 Rd5 59. Qc3 g5 60. Kf2 Kg6 61. Kg2 g4 62. Qc7 Bc6 63. Kf2 Rf5+ 64. Kg1 g3 65. Qd6 Rd5 66. Qxg3+ Rg5 0-1

[Event "Elista-ch 8th"]
[Site "Elista"]
[Date "2010.07.11"]
[Round "?"]
[White "Utnasanov, Adyan"]
[Black "Egorov, Anatoly"]
[Result "1-0"]
[WhiteElo "1983"]
[BlackElo "1951"]
[PlyCount "77"]
[EventDate "2010.07.01"]
[EventType "tourn"]
[EventRounds "11"]
[EventCountry "RUS"]
[SourceTitle "EXT 2022"]
[Source "ChessBase"]
[SourceDate "2021.10.06"]
[SourceVersion "1"]
[SourceVersionDate "2021.10.06"]
[SourceQuality "1"]

1. d4 Nf6 2. c4 e6 3. Nc3 Bb4 4. Nf3 c5 5. Bd2 0-0 6. e3 d6 7. Bd3 Nc6 8. 0-0 e5 9. dxe5 dxe5 10. Qc2 Ba5 11. a3 Bg4 12. Ng5 h6 13. Nge4 Bxc3 14. Bxc3 Nxe4 15. Bxe4 Qg5 16. f4 Qh5 17. Bxc6 bxc6 18. Bxe5 Rad8 19. e4 Rfe8 20. Rf2 f6 21. Bc3 Bd1 22. Qb1 Bb3 23. Qe1 Bxc4 24. Rc1 Rd3 25. h3 f5 26. Be5 Red8 27. Qa5 Rd1+ 28. Rxd1 Rxd1+ 29. Kh2 fxe4 30. Qxc5 Qf7 31. Rc2 Bd3 32. Rc1 Rd2 33. Qxc6 Kh7 34. Re1 Qh5 35. Re3 Qf5 36. Rg3 Qf7 37. Rxg7+ Qxg7 38. Bxg7 Kxg7 39. Qc3+ 1-0

[Event "Elista-ch 8th"]
[Site "Elista"]
[Date "2010.07.05"]
[Round "5"]
[White "Egorov, Anatoly"]
[Black "Chub, Alexey"]
[Result "0-1"]
[WhiteElo "1951"]
[BlackElo "2080"]
[PlyCount "90"]
[EventDate "2010.07.01"]
[EventType "tourn"]
[EventRounds "11"]
[EventCountry "RUS"]
[SourceTitle "EXT 2022"]
[Source "ChessBase"]
[SourceDate "2021.10.06"]
[SourceVersion "1"]
[SourceVersionDate "2021.10.06"]
[SourceQuality "1"]

1. d4 Nf6 2. c4 g6 3. Nc3 Bg7 4. e4 d6 5. Bd3 0-0 6. Nf3 Nbd7 7. 0-0 e5 8. d5 Ne8 9. Bg5 f6 10. Bh4 a5 11. a3 a4 12. Nxa4 g5 13. Bg3 h5 14. h4 g4 15. Ne1 Bh6 16. Nc3 Ng7 17. f3 Nc5 18. f4 f5 19. exf5 exf4 20. Bxf4 Bxf4 21. Rxf4 Qxh4 22. Nf3 Qe7 23. Ne4 gxf3 24. f6 Qe5 25. Rh4 Nxe4 26. Rxe4 Qxf6 27. gxf3 Qxf3 28. Qxf3 Rxf3 29. Be2 Rf7 30. Kh2 Bf5 31. Re3 Re8 32. Rxe8+ Nxe8 33. Rg1+ Rg7 34. Bxh5 Rxg1 35. Kxg1 Nf6 36. Be2 Ne4 37. b4 Kg7 38. Bd3 Kf6 39. a4 Ke5 40. a5 Nd2 41. Be2 Kd4 42. b5 Nxc4 43. Bxc4 Kxc4 44. a6 bxa6 45. bxa6 Be4 0-1

[Event "Elista-ch 8th"]
[Site "Elista"]
[Date "2010.07.01"]
[Round "1"]
[White "Egorov, Anatoly"]
[Black "Olenina, Aysa"]
[Result "1/2-1/2"]
[WhiteElo "1951"]
[BlackElo "2039"]
[PlyCount "121"]
[EventDate "2010.07.01"]
[EventType "tourn"]
[EventRounds "11"]
[EventCountry "RUS"]
[SourceTitle "EXT 2022"]
[Source "ChessBase"]
[SourceDate "2021.10.06"]
[SourceVersion "1"]
[SourceVersionDate "2021.10.06"]
[SourceQuality "1"]

1. e4 e5 2. Nf3 Nc6 3. Bb5 a6 4. Ba4 Nf6 5. 0-0 Be7 6. Re1 b5 7. Bb3 d6 8. d3 0-0 9. a4 Bg4 10. c3 b4 11. h3 Bh5 12. Bg5 Nd7 13. Bxe7 Qxe7 14. Bd5 Ndb8 15. g4 Bg6 16. cxb4 Ra7 17. Qb3 Qf6 18. Nbd2 Ne7 19. Bc4 Nbc6 20. b5 axb5 21. axb5 Rb7 22. Bd5 Rfb8 23. Qc4 Rxb5 24. Bxc6 Rc5 25. Qa4 Nxc6 26. b4 Rc3 27. b5 Nd4 28. Nxd4 exd4 29. Ra3 h5 30. Rxc3 dxc3 31. Nf1 Qg5 32. Ne3 Rxb5 33. f4 Qc5 34. f5 Qe5 35. fxg6 fxg6 36. gxh5 gxh5 37. Qa2+ Kh7 38. Qf2 Rb2 39. Nc2 Qg5+ 40. Kf1 Qd2 41. Re2 Qxd3 42. Kg2 d5 43. e5 Rb6 44. Nd4 c5 45. Nf3 Rg6+ 46. Kh2 Qf5 47. e6 Qf4+ 48. Kh1 Rg3 49. Ng1 Qxf2 50. Rxf2 Re3 51. Re2 Rxe2 52. Nxe2 Kg8 53. Nxc3 d4 54. Ne4 c4 55. Kg2 Kf8 56. Kf3 Ke7 57. Ng5 c3 58. Ke2 c2 59. Kd2 d3 60. h4 g6 61. Kc1 1/2-1/2